书目信息 |
| 题名: |
爪哇土生华人政治
|
|
| 作者: | 苏里亚迪纳达 著 ;李学民 , 陈巽华 译 | |
| 分册: | ||
| 出版信息: | 北京 中国友谊出版公司 1986 |
|
| 页数: | 229页 | |
| 开本: | 19cm | |
| 丛书名: | ||
| 单 册: | ||
| 中图分类: | D634.334.2 , D093.42 | |
| 科图分类: | ||
| 主题词: | 华侨--历史--印度尼西亚 , 华侨状况--印度尼西亚 , 政治学--历史 , 政治思想史 | |
| 电子资源: | ||
| ISBN: | ||
| 000 | 01014nam0 2200325 45 | |
| 001 | 0186019329 | |
| 005 | 20061030094007.09 | |
| 010 | @dCNY1.90 | |
| 091 | @a11309.20 | |
| 100 | @a19900802d1986 kemy0chiy0121 ea | |
| 101 | 0 | @achi |
| 102 | @aCN@b110000 | |
| 105 | @ay z 000yd | |
| 106 | @ar | |
| 200 | 10 | @a爪哇土生华人政治@Azhao wa tu sheng hua ren zheng zhi@e1917~1942年@f(新加坡)苏里亚迪纳达(廖建裕)著@g李学民, 陈巽华译 |
| 210 | @a北京@c中国友谊出版公司@d1986 | |
| 215 | @a229页@d19cm | |
| 304 | @a列奥·苏里亚迪纳达,中文名廖建裕,博士, 新加坡共和国印尼华人史研究专家 | |
| 606 | @a华侨@x历史@y印度尼西亚 | |
| 606 | @a华侨状况@y印度尼西亚 | |
| 606 | 0 | @a政治学@x历史 |
| 606 | 0 | @a政治思想史 |
| 690 | @aD634.334.2@v3 | |
| 690 | @aD093.42@v4 | |
| 701 | 0 | @a苏里亚迪纳达@Asu li ya di na da@c廖建裕@4著 |
| 702 | 0 | @a李学民@Ali xue min@4译 |
| 702 | 0 | @a陈巽华@Achen xun hua@4译 |
| 801 | 0 | @aCN@b深圳图书馆@c20061030 |
| 801 | 2 | @aCN@bNLC@c20040429 |
| 905 | @f2@b168621-622@dD093.42@e38 | |
| 爪哇土生华人政治:1917~1942年/(新加坡)苏里亚迪纳达(廖建裕)著/李学民, 陈巽华译.-北京:中国友谊出版公司,1986 |
| 229页;19cm |
| ISBN :CNY1.90 |
| ● |
| 相关链接 |
|
|
|
|
正题名:爪哇土生华人政治
索取号:D093.42/38
 
预约/预借
| 序号 | 登录号 | 条形码 | 馆藏地/架位号 | 状态 | 备注 |
| 1 | 0168621 | 001019016 | 密集书库/ [索取号:D093.42/38] | 在馆 | |
| 2 | 0168622 | 001018311 | 密集书库/ [索取号:D093.42/38] | 在馆 | |
| 3 | 0168623 | 001019025 | 第一样本阅览室/ [索取号:D093.42/38] | 在馆 |